| 000 | 00342nam a22001217a 4500 | ||
|---|---|---|---|
| 020 | _a13-521203-0 | ||
| 082 | _a621.381528 COU'L | ||
| 100 |
_aROSCOE, B. M,COUGHLIN, R. F,KIDD, J. W _978157 |
||
| 245 | _aLABORATORY MANUAL FOR TRANSISTOR AND SEMICONDUCTOR DEVICES | ||
| 260 |
_aNEWJERSCY _bPRENTICE HALL _c1968 |
||
| 300 | _a148P | ||
| 942 | _cBK | ||
| 999 |
_c583317 _d583317 |
||